000 00498nam a22001817a 4500
005 20260320132101.0
008 260320b |||||||| |||| 00| 0 eng d
037 _cDSWL
040 _aDSWL
_cDSWL
041 _heng
100 _aMcLaughlin, Kenneth
_9994636
245 _aSocial work, politics and society
260 _aUK,
_bPolity Press,
_c2008
300 _a177p
365 _aGBP
_b25.99
942 _2CC
_cTEXL
_n0
999 _c1715844
_d1715844